Sústrastné návštevy neprosíme /

Main Author: Bosetzky, Horst, 1938-2018
Other Authors: Horváthová, Marica, Ondreička, Peter, 1947-1990
Language: Slovak
Published: Bratislava : Smena, 1976
Series: Dobrodružné romány (Smena)
Physical Description: 48 s. : il.
Book
Saved in:
LEADER 01158nam a22003132a 4500
001 001714967
003 CZ BrMZK
005 20200618114630.0
007 ta
008 191105s1976 xo a er|||||||||||slo d
040 |a ABA001  |b cze  |d ABA001  |d BOA001 
041 1 |a slo  |h ger 
072 7 |a 821.112.2-3  |x Německá próza, německy psaná  |2 Konspekt  |9 25 
080 |a 821.112.2-3  |2 MRF 
100 1 |a Bosetzky, Horst,  |d 1938-2018  |7 xx0047923  |4 aut 
245 1 0 |a Sústrastné návštevy neprosíme /  |c Horst Bosetzky ; preložila Marica Horváthová ; ilustrácie Peter Ondreička 
260 |a Bratislava :  |b Smena,  |c 1976 
300 |a 48 s. :  |b il. 
490 1 |a Dobrodružné romány ;  |v č. 235 
500 |a Přeloženo z němčiny 
655 7 |a německé prózy  |7 fd132943  |2 czenas 
700 1 |a Horváthová, Marica  |4 trl 
700 1 |a Ondreička, Peter,  |d 1947-1990  |7 mzk2004228204  |4 ill 
765 0 |t Von Beileidsbuchen bitten wir abzusehen  |9 Slovensky 
830 0 |a Dobrodružné romány (Smena) 
910 |a BOA001  |b X2-0754.880 
990 |a BK 
991 |b 201911 
996 7 |b 2618834879  |c X2-0754.880  |l MZK  |r Sklad / do 24 hodin  |n 0  |w 001765255  |u 000010  |a 1  |e BOA001  |j MZK50  |s A